000 00603 a2200229 4500
005 20260406163151.0
008 260406b |||||||| |||| 00| 0 eng d
020 _a9789355328892
_cRs. 1025.00
040 _aMAIN
082 _a658.4038
_bB218B(9)
100 _aBaltzan, Paige
245 _aBusiness driven information systems: MIS approach
250 _a9th
260 _bMcGraw Hill
_c2025
_aChennai
300 _av.
650 _aManagement
650 _aGeneral Management
650 _aInformation Resources Management
650 _aBusiness
700 _aBehl, Ramesh
942 _cBK
999 _c396977
_d396977